| 000 | 00387nam a22001337a 4500 | ||
|---|---|---|---|
| 020 | _a0-470-20956-9 | ||
| 082 | _a621.31042 BEG'E | ||
| 100 |
_aBEGAMUDRE, R. D _964971 |
||
| 245 | _aELECTRO MECHANICAL ENERGY CONVERSION WITH DYNAMICS OF MACHINES | ||
| 260 |
_aNEWYORK _bJOHN WILEY _c1988 |
||
| 300 | _a614P | ||
| 650 |
_aELECTROMECHANICAL DEVICES ELECTRIC MACHINERY _964972 |
||
| 942 | _cBK | ||
| 999 |
_c573312 _d573312 |
||